| 000 | 01255nam a2200385 a 4500 | ||
|---|---|---|---|
| 003 | AR-BaBNM | ||
| 005 | 20251128204244.0 | ||
| 008 | 082120s2002 ||||||||||||||000 | spa|| | ||
| 020 | _a84-277-0989-7 | ||
| 040 | _cAR-BaBNM | ||
| 245 | 0 | 0 |
_aTeoría y práctica del proceso de enseñanza-aprendizaje _bpautas y ejemplos para un desarrollo curricular |
| 250 | _a1ª ed. | ||
| 260 |
_aMadrid _bNarcea _c1992 |
||
| 300 |
_a262 p. _bgráfs., tablas |
||
| 490 | 0 | _aEducación hoy-estudios | |
| 500 | _aObra en colaboración con el Principado de Asturias. Consejería de Educación, Cultura, Deportes y Juventud. Dirección Regional de Educación | ||
| 650 | 4 | _aTEORIAS DEL APRENDIZAJE | |
| 650 | 4 | _aCURRICULO | |
| 650 | 4 | _aPLANIFICACION DEL CURRICULO | |
| 650 | 4 | _aTECNICAS DIDACTICAS | |
| 650 | 4 | _aFORMACION PROFESIONAL | |
| 650 | 4 | _aCOGNICION | |
| 650 | 4 | _aMETODOS DE ENSEÑANZA | |
| 650 | 4 | _aMOTIVACION | |
| 651 | 4 | _aEspaña | |
| 653 | _aMODELOS EDUCATIVOS | ||
| 700 | 1 | _aSoler Vázquez, Enrique | |
| 700 | 1 | _aAlvarez Pérez, Luis | |
| 700 | 1 | _aGarcía González, Arturo | |
| 700 | 1 | _aHernández García, Jesús | |
| 700 | 1 | _aOrdóñez Alvarez, José | |
| 700 | 1 | _aAlbuerne López, Fernando | |
| 942 | _cBK | ||
| 998 | _cEthel | ||
| 999 |
_c6730 _d6730 |
||